| 000 | 00567aam a2200217 4500 | ||
|---|---|---|---|
| 005 | 20160905132310.0 | ||
| 008 | 150805b xxu||||| |||| 00| 0 spa d | ||
| 041 | _aEspañol | ||
| 082 | _a617.69 S556f | ||
| 100 |
_aShillingburg, Herbert _918137 |
||
| 100 |
_aHobo, Sumiya _918138 |
||
| 100 |
_aWhistsett, Lowell _918139 |
||
| 245 | _aFundamentos de prostodoncia fija | ||
| 260 | _aMéxico | ||
| 260 | _bLa Prensa Medica Mexicana | ||
| 260 | _c1990 | ||
| 300 | _a338 páginas | ||
| 650 |
_aPROSTODONCIA _93898 |
||
| 650 |
_aPRÓTESIS FIJA _94554 |
||
| 942 | _cBK | ||
| 999 |
_c509 _d509 |
||